চলুন বেড়িয়ে আসি/ (Record no. 299515)

MARC details
000 -LEADER
fixed length control field 01122nam a2200361 a 4500
001 - CONTROL NUMBER
control field vtls000339165
003 - CONTROL NUMBER IDENTIFIER
control field NLI
005 - DATE AND TIME OF LATEST TRANSACTION
control field 20210602162859.0
008 - FIXED-LENGTH DATA ELEMENTS--GENERAL INFORMATION
fixed length control field 110113s2005 ii a 000 0 ben
020 ## - INTERNATIONAL STANDARD BOOK NUMBER
Terms of availability Rs. 50.00
039 #9 - LEVEL OF BIBLIOGRAPHIC CONTROL AND CODING DETAIL [OBSOLETE]
-- 201101131903
-- VLOAD
040 ## - CATALOGING SOURCE
Original cataloging agency NLI :
Language of cataloging eng
Transcribing agency NLMARC21
041 0# - LANGUAGE CODE
Language code of text/sound track or separate title ben
044 ## - COUNTRY OF PUBLISHING/PRODUCING ENTITY CODE
MARC country code ii
082 04 - DEWEY DECIMAL CLASSIFICATION NUMBER
Classification number 915.404
Edition number 22
100 1# - MAIN ENTRY--PERSONAL NAME
Linkage 880-01(B
Personal name পাল, সুবলচন্দ্র
9 (RLIN) 5232
245 1# - TITLE STATEMENT
Linkage 880-02(B
Title চলুন বেড়িয়ে আসি/
Statement of responsibility, etc. সুবলচন্দ্র পাল
260 ## - PUBLICATION, DISTRIBUTION, ETC.
Place of publication, distribution, etc. কলকাতা :
Name of publisher, distributor, etc. ময়না প্রকাশনী,
Date of publication, distribution, etc. 2005
300 ## - PHYSICAL DESCRIPTION
Extent -v. :
Other physical details coloured ill.;
Dimensions 22cm
650 #0 - SUBJECT ADDED ENTRY--TOPICAL TERM
Topical term or geographic name entry element Travel
9 (RLIN) 74024
650 #0 - SUBJECT ADDED ENTRY--TOPICAL TERM
Topical term or geographic name entry element Travel in literature
9 (RLIN) 1782
700 1# - ADDED ENTRY--PERSONAL NAME
Linkage 880-03(B
700 ## - ADDED ENTRY--PERSONAL NAME
Linkage 880-03(B
880 1# - ALTERNATE GRAPHIC REPRESENTATION
Linkage 100-01(B
a Pal, Subal candra
880 1# - ALTERNATE GRAPHIC REPRESENTATION
Linkage 245-02(B
a Calun bediye asi
c Subal candra Pal
887 ## - NON-MARC INFORMATION FIELD
Content of non-MARC field Malabika
901 ## - LOCAL DATA ELEMENT A, LDA (RLIN)
7 0039a :
b 2.06.08
902 ## - LOCAL DATA ELEMENT B, LDB (RLIN)
a B915.404P233ab
904 ## - LOCAL DATA ELEMENT D, LDD (RLIN)
a Malabika
949 ## - LOCAL PROCESSING INFORMATION (OCLC)
-- VIRTUAITEM
-- 10000
-- 100
6 DBA000070039BEN
942 ## - ADDED ENTRY ELEMENTS (KOHA)
Source of classification or shelving scheme Dewey Decimal Classification
Koha item type Books
Holdings
Withdrawn status Lost status Damaged status Not for loan Collection code Home library Current library Shelving location Date acquired Total Checkouts Full call number Barcode Date last seen Price effective from Koha item type
        Bengali National Library of India National Library of India Bengali - Books - Main Stack Division     B915.404P233ab DBA000070039BEN 02/06/2021 02/06/2021 Books
                                                                           
web counter

Copyright ©2020 The National Library of India, Govt. of India ↔ Hosted by NVLI, MOC ↔ Technology and Design by National Library of India, Ministry of Culture, Govt. of India